On the Beach

Gorde:
Xehetasun bibliografikoak
Egile nagusia: Shute, Nevil
Formatua: Liburua
Hizkuntza:Undetermined
Argitaratua: New York, Estados Unidos Bantam 1957
Gaiak:
Etiketak: Etiketa erantsi
Etiketarik gabe, Izan zaitez lehena erregistro honi etiketa jartzen!

MARC

LEADER 00000nam a2200000Ia 4500
008 170316s9999 xx 000 0 und d
999 |c 28837  |d 28837 
040 |a cru BVZT 
090 |a F-810 S-4o 
100 |a Shute, Nevil 
245 |a On the Beach 
260 |a New York, Estados Unidos 
260 |b Bantam 
260 |c 1957 
300 |a 278 páginas 
650 |a LITERATURA ESTADOUNIDENSE  |9 25 
650 |a FICCIÓN  |9 26 
942 |c 15 D  |h F-810 S-4o  |2 z